[Event "FIDE World Uni Rapid-D 1st"]
[Site "Tornelo INT"]
[Date "2021.03.21"]
[Round "9"]
[White "Alloui Cros, Baptiste"]
[Black "Ling, Jin Sheng Timothy"]
[Result "1-0"]
[WhiteElo "2139"]
[BlackElo "1640"]
[PlyCount "47"]
[EventDate "2021.03.20"]
[EventType "swiss (rapid)"]
[EventRounds "12"]
[EventCountry "NET"]
[SourceTitle "EXT 2022"]
[Source "ChessBase"]
[SourceDate "2021.10.06"]
[SourceVersion "1"]
[SourceVersionDate "2021.10.06"]
[SourceQuality "1"]

1. d4 d5 2. e4 dxe4 3. Nc3 Nf6 4. f3 exf3 5. Nxf3 Bg4 6. h3 Bxf3 7. Qxf3 c6 8. g4 Qxd4 9. Be3 Qe5 10. 0-0-0 e6 11. g5 Nd5 12. Nxd5 cxd5 13. Bf4 Qe4 14. Qxe4 dxe4 15. Bxb8 Rxb8 16. Bb5+ Ke7 17. Rd7+ Ke8 18. Rxb7+ Kd8 19. Rxb8+ Kc7 20. Ra8 Kb7 21. Re8 h6 22. g6 fxg6 23. Rf1 a6 24. Ba4 1-0

[Event "FIDE World Uni Rapid-D 1st"]
[Site "Tornelo INT"]
[Date "2021.03.21"]
[Round "12"]
[White "Ling, Jin Sheng Timothy"]
[Black "Vanneste, Axel"]
[Result "1-0"]
[WhiteElo "1640"]
[BlackElo "1395"]
[PlyCount "125"]
[EventDate "2021.03.20"]
[EventType "swiss (rapid)"]
[EventRounds "12"]
[EventCountry "NET"]
[SourceTitle "EXT 2022"]
[Source "ChessBase"]
[SourceDate "2021.10.06"]
[SourceVersion "1"]
[SourceVersionDate "2021.10.06"]
[SourceQuality "1"]

1. c4 Nf6 2. Nf3 e6 3. g3 b6 4. Bg2 Bb7 5. 0-0 d5 6. Ne5 Nbd7 7. Qa4 Bd6 8. Nc6 Bxc6 9. Qxc6 0-0 10. cxd5 exd5 11. d4 Ne4 12. Nc3 Ndf6 13. Nxd5 Re8 14. Nxf6+ Nxf6 15. Qxa8 Qxa8 16. Bxa8 Rxa8 17. Bf4 Bxf4 18. gxf4 Re8 19. e3 Ne4 20. Rac1 Re7 21. Rfd1 f5 22. Rc6 g5 23. Rdc1 gxf4 24. Rxc7 Re6 25. R1c6 Rg6+ 26. Rxg6+ hxg6 27. exf4 a5 28. Kg2 b5 29. Kf3 Kf8 30. Ra7 a4 31. Rb7 Nd6 32. Rd7 Ne4 33. a3 Ke8 34. Rg7 Nd2+ 35. Ke2 Nc4 36. Rxg6 Nxb2 37. Rb6 Nc4 38. Rxb5 Nxa3 39. Re5+ Kd7 40. Rxf5 Nc4 41. Kd3 Nb2+ 42. Kc2 a3 43. Ra5 Nc4 44. Ra7+ Kd6 45. Kc3 Nb6 46. Rxa3 Nd5+ 47. Kd3 Nxf4+ 48. Ke4 Ne2 49. Ra6+ Ke7 50. Rc6 Ng1 51. Ke3 Nh3 52. Rg6 Kf7 53. Rg3 Ng5 54. Rxg5 Kf6 55. h4 Kf7 56. Kf4 Ke6 57. d5+ Kf6 58. Re5 Kg6 59. d6 Kg7 60. Kg5 Kf7 61. Re7+ Kf8 62. Kg6 Kg8 63. Re8# 1-0

[Event "FISU World University"]
[Site "Tornelo INT"]
[Date "2020.10.27"]
[Round "5.31"]
[White "Ling, Jin Sheng Timothy"]
[Black "Porras Chavarria, Steve"]
[Result "1-0"]
[WhiteElo "1640"]
[BlackElo "1825"]
[PlyCount "91"]
[EventDate "2020.10.26"]
[EventType "team-swiss (rapid)"]
[EventRounds "9"]
[EventCountry "NET"]
[SourceTitle "CBM 199 Extra"]
[Source "ChessBase"]
[SourceDate "2021.01.31"]
[SourceVersion "1"]
[SourceVersionDate "2021.01.31"]
[SourceQuality "1"]
[WhiteTeam "Singapore"]
[BlackTeam "Costa Rica II"]
[WhiteTeamCountry "SIN"]
[BlackTeamCountry "CRI"]

1. Nf3 Nf6 2. g3 g6 3. Bg2 Bg7 4. 0-0 d6 5. c4 0-0 6. Nc3 e5 7. d3 Nbd7 8. Bg5 c6 9. Qd2 Re8 10. Bh6 Bh8 11. Ng5 Ng4 12. Nge4 Nxh6 13. Qxh6 Qe7 14. b4 Bg7 15. Qd2 h6 16. Qc2 f5 17. Nd2 Nf6 18. b5 Bd7 19. Rab1 Rab8 20. Qa4 e4 21. dxe4 Nxe4 22. Ncxe4 fxe4 23. Bxe4 Kh7 24. bxc6 Bh3 25. Bg2 Bxg2 26. Kxg2 bxc6 27. Qxc6 Rbc8 28. Qb7 Rc7 29. Qd5 Rc5 30. Qd3 Qxe2 31. Qxd6 Rcc8 32. Rfe1 Qg4 33. Rxe8 Rxe8 34. Rb7 a5 35. Qd7 Qxd7 36. Rxd7 Re2 37. Kf3 Re5 38. Rd5 Re7 39. Rxa5 Bc3 40. Rd5 Ra7 41. Rd3 Bb2 42. c5 Rxa2 43. c6 Ra8 44. c7 Rc8 45. Rd7+ Bg7 46. Ne4 1-0